00657nam a2200205Ia 450000500170000000800410001702000250005804000190008304100120010208200130011424500660012725000120019326000420020530000320024744000580027950400360033765000500037370000180042385000100044120231209113113.0131103s9999 xx 000 0 und d a03461420 XcGBP 3.00 aLoreto College aEnglish a425bGIM aGimson's Pronunciation of English, cRevised by A.Cruttenden a5th ed. aLondonbELBS with Edward Arnoldc1994 axv,304 p.b diagrams,illus. aLow - Priced Edition Funded By The British Government aIncludes index and bibliography aEnglish Pronunciation - Communicative English aCruttenden,A. aLCLIB